Moderná materská škola

Na minha lista:
Detalhes bibliográficos
Autor principal: Zagyi, Martin (Author)
Outros Autores: Ingeli, Rastislav (Thesis advisor)
Formato: Manuscrito Livro
Idioma:eslovaco
Publicado em: 2019
Assuntos:
Acesso em linha:http://is.stuba.sk/zp/portal_zp.pl?podrobnosti=144646
https://opac.crzp.sk/?fn=detailBiblioForm&sid=9F8942B94996237AA2FF1AF666DC
Tags: Adicionar Tag
Sem tags, seja o primeiro a adicionar uma tag!

MARC

LEADER 00000ntm a22000003a 4500
001 stuzp73245
003 SK-STU
005 20230613093524.4
007 ta
008 150427s2015----xo-----f-mn---000-0-slo-d
040 |a STU  |b slo 
041 0 |a slo 
100 1 |a Zagyi, Martin  |u 010180  |k Z4  |4 aut  |U SvF Stavebná fakulta  |T SvF Katedra konštrukcií pozemných stavieb  |X 63451  |U V180  |Y 18  |7 63451 
242 0 1 |a Modern kindergarten  |y eng 
245 1 0 |a Moderná materská škola 
260 |c 2019 
650 4 |a materská škôlka  |2 slo 
650 4 |a clt panely  |2 slo 
650 4 |a timbermax  |2 slo 
650 4 |a clt panels  |2 eng 
650 4 |a kindergarten  |2 eng 
650 4 |a timbermax  |2 eng 
700 1 |a Ingeli, Rastislav  |u 010180  |k Z1  |4 ths  |U SvF Stavebná fakulta  |T SvF Katedra konštrukcií pozemných stavieb  |X 23863  |U V180  |Y 18  |7 A000023863 
856 4 |u http://is.stuba.sk/zp/portal_zp.pl?podrobnosti=144646 
856 4 |u https://opac.crzp.sk/?fn=detailBiblioForm&sid=9F8942B94996237AA2FF1AF666DC